| Tag |
First Indicator |
Second Indicator |
Subfields |
| LEADER |
00000cam a22000007c 4500 |
| 001 |
in00004730607 |
| 008 |
220630s2022 enka ob 001 0 eng d |
| 006 |
m o d |
| 007 |
cr cn||||||||| |
| 005 |
20230721151749.6 |
| 035 |
|
|
|a (OCoLC)on1333620747
|
| 040 |
|
|
|a YDX
|b eng
|e rda
|e pn
|c YDX
|d N$T
|d CUV
|d UIU
|d OCLCF
|d OCLCQ
|d UKAHL
|
| 020 |
|
|
|a 9781789247800
|q electronic bk.
|
| 020 |
|
|
|a 1789247802
|q electronic bk.
|
| 020 |
|
|
|a 9781789247817
|q electronic bk.
|
| 020 |
|
|
|a 1789247810
|q electronic bk.
|
| 020 |
|
|
|z 1789247799
|
| 020 |
|
|
|z 9781789247794
|
| 035 |
|
|
|a (OCoLC)1333620747
|
| 060 |
|
4 |
|a SF 745
|b D966e 2022eb
|
| 100 |
1 |
|
|a Durston Tamsin,
|e author.
|
| 245 |
1 |
0 |
|a Emotional well-being for animal welfare professionals /
|c Tamsin Durston.
|
| 264 |
|
1 |
|a Wallingford :
|b CABI,
|c [2022]
|
| 264 |
|
4 |
|c ©2022
|
| 300 |
|
|
|a 1 online resource :
|b illustrations
|
| 336 |
|
|
|a text
|b txt
|2 rdacontent
|
| 337 |
|
|
|a computer
|b c
|2 rdamedia
|
| 338 |
|
|
|a online resource
|b cr
|2 rdacarrier
|
| 504 |
|
|
|a Includes bibliographical references and index.
|
| 505 |
0 |
|
|a Introduction : why is this topic so important? -- Emotions, stress, and stressor stacking -- Risk factors and influences upon emotional health -- Stress injuries, compassion fatigue, and burnout -- Self-care -- Happiness, well-being, and positive psychology -- Imposter syndrome and the Dunning-Kruger effect -- Developing mind skills -- Psychology models, the intension-behaviour gap, and forming new habits -- Resilience, mindset, and mindfulness -- Strategies for teams -- Practical toolkit : everyday activities for maintaining
|
| 650 |
|
0 |
|a Animals
|x Diseases.
|
| 650 |
|
0 |
|a Animal health.
|
| 650 |
|
0 |
|a Mental health.
|
| 650 |
|
0 |
|a Veterinary medicine.
|
| 650 |
|
0 |
|a Mental illness.
|
| 650 |
|
0 |
|a Animal health technology.
|
| 650 |
|
2 |
|a Animal Diseases.
|
| 650 |
|
2 |
|a Mental Health.
|
| 650 |
|
2 |
|a Mental Disorders.
|
| 650 |
|
2 |
|a Veterinary Medicine.
|
| 856 |
4 |
0 |
|u http://proxy.library.tamu.edu/login?url=http://dx.doi.org/10.1079/9781789247817.0000
|z Connect to the full text of this electronic book.
|t 0
|
| 994 |
|
|
|a Z0
|b TMV
|
| 948 |
|
|
|h HELD BY TMV - 48 OTHER HOLDINGS
|
| 999 |
f |
f |
|s 11b9f245-35da-46f0-88df-332370d41422
|i a55d6bad-097f-4251-83cc-4085d6cf1f48
|t 0
|
| 952 |
f |
f |
|a Texas A&M University
|b College Station
|c Electronic Resources
|d Available Online
|t 0
|e SF 745 D966e 2022eb
|h National Library of Medicine classification
|
| 998 |
f |
f |
|a SF 745 D966e 2022eb
|t 0
|l Available Online
|